| 000 -LEADER |
| fixed length control field |
00818nam a2200217Ia 4500 |
| 001 - CONTROL NUMBER |
| control field |
3427 |
| 003 - CONTROL NUMBER IDENTIFIER |
| control field |
GE_BSU |
| 008 - FIXED-LENGTH DATA ELEMENTS--GENERAL INFORMATION |
| fixed length control field |
181216s||||||||xx |||||||||||||| ||und|| |
| 040 ## - CATALOGING SOURCE |
| Transcribing agency |
GE_BSU |
| 080 ## - UNIVERSAL DECIMAL CLASSIFICATION NUMBER |
| Universal Decimal Classification number |
621.7(035.3) |
| 100 ## - MAIN ENTRY--PERSONAL NAME |
| Personal name |
Акимова,А.Ю. Арзамасов,Б.Н. Арутинова,И.А. и др. |
| 245 ## - TITLE STATEMENT |
| Title |
Справочник металлиста в 5 томах.Том.2. |
| 245 ## - TITLE STATEMENT |
| Statement of responsibility, etc. |
Ред. сов. Б.Л.Богуславский, А.Н.Малов, М.П.Новиков и др. Под ред. А.Г.Рахштадтада В.А.Брострема. |
| 250 ## - EDITION STATEMENT |
| Edition statement |
Изд. третье, перераб. |
| 260 ## - PUBLICATION, DISTRIBUTION, ETC. |
| Place of publication, distribution, etc. |
М. |
| 260 ## - PUBLICATION, DISTRIBUTION, ETC. |
| Name of publisher, distributor, etc. |
Машиностроение. |
| 260 ## - PUBLICATION, DISTRIBUTION, ETC. |
| Date of publication, distribution, etc. |
1976. |
| 300 ## - PHYSICAL DESCRIPTION |
| Extent |
720 стр. 21 см. |
| 653 ## - INDEX TERM--UNCONTROLLED |
| Uncontrolled term |
Справочник металлиста. |
| 942 ## - ADDED ENTRY ELEMENTS (KOHA) |
| Koha item type |
წიგნი |